01493nam a2200337 a 4500001001000000003000500010005001700015008004100032010001100073011001100084040000900095090001000104100004500114245016300159260004100322500006000363502010300423590004100526590004100567590003900608590003900647590003900686650004200725856007000767901000700837942001000844942000600854999001900860952013600879952014001015000108801CHAP20220329144025.0140312s2012 mx | |sm |||||||spa|d a105263 a106235 cCHAP aTesis1 aCuanalo Araujo, Jesús Martín912584913aLa evaluación de las políticas públicas en México:h[En línea]bEl caso de los programas del Sector Forestal /cpor Jesús Martín Cuanalo Araujo. aChapingo, Méx. :bEl autor,c2012. aPara ver el contenido del material haga clic en la liga aTesis (Ing. Forestal con Orientación en Silvicultura) -- UACH. División de Ciencias Forestales aBATCH-UPDb05c20140324lUCH01h1536 aBATCH-UPDb05c20141002lUCH01h0857 aE792CSJb05c20140312lUCH01h1232 aE792CSJb05c20140312lUCH01h1232 aE792CSJb05c20140312lUCH01h134314aPolítica forestalzMéxico.990610 aFinding aiduhttp://10.13.5.2/tesis/sist108801.pdfzTeclea aquí aBK cTESIS n0 c105263d105263 00104054718TESISaBCbBCd2014-03-12fTESISl0oTesisp33724002352801r2019-12-31 00:00:00w2019-12-31yTESISzRecien adquirido 00102local4053708TESISaBCbBCcPA_TESISd2014-03-12fTESISl0oTesisp33724002352842r2019-12-31 00:00:00tc.2w2019-12-31yTESIS